000 00950cam a2200277 4500
008 090401t1995 xxu||||| |||| 00| 0 eng d
020 _a0070348049
035 _a(Sirsi) u5736
041 _aeng
050 _a658.202
100 _aKirk, Stephen J
245 _aLife-cycle costing for design professionals.
250 _a2nd ed.
260 _aNew York
_bMcGraw-Hill Inc.
_c1995
300 _axiii,262p. ; 28cm.
350 _a42.95
520 _aA revised and updated version of a standard reference book from the US, which looks at the latest developments in life cycle costing including designing for energy efficiency a number of case studies.
650 _aBUILT ENVIRONMENT-CONSTRUCTION DESIGN
650 _aECONOMIC ANALYSIS
650 _aECONOMIC RISK ASSESSMENT
650 _aLIFE CYCLE COSTING
690 _aBUILDING AND CONSTRUCTION-ECONOMICS
700 _aDell'isola, J. Alphonse
942 _n0
948 _c04/03/1997
999 _c86206
_d86206